Roman Gods in Other Contexts Quiz Stats

 Plays Quiz Updated Jun 6, 2019

Score 0/15 Timer 05:00
10 Plays Today
Hint Answer % Correct
Princess _____Diana
94.6%
_____ (Disney)Pluto
93.5%
_____ WilliamsVenus
90.9%
_____ BorealisAurora
87.8%
_____ (Planet)Neptune
87.5%
_____ (2007 film)Juno
86.6%
_____ BarMars
80.7%
_____ (Element)Mercury
80.2%
Hint Answer % Correct
_____ CreedApollo
73.5%
_____ McGonagallMinerva
69.2%
_____ (Alien Race)Vulcan
66.6%
_____ AscendingJupiter
65.4%
Pine _____Sol
60.5%
_____ FallsVictoria
49.3%
Bar/Pub _____Trivia
35.6%

You're not logged in!

Compare scores with friends on all Sporcle quizzes.
OR
Log In

Show Comments

Extras

Top Quizzes Today


Score Distribution

Your Account Isn't Verified!

In order to create a playlist on Sporcle, you need to verify the email address you used during registration. Go to your Sporcle Settings to finish the process.

Report this User

Report this user for behavior that violates our Community Guidelines.

Details: